[Event "Marienbad Open-A1 2019"]
[Site "Marianske Lazne"]
[Date "2019.01.22"]
[Round "5"]
[White "Chernyshov, Konstantin"]
[Black "Ajay Krishna, S."]
[Result "1-0"]
[WhiteElo "2500"]
[BlackElo "2289"]
[Annotator "RC"]
[PlyCount "91"]
[EventDate "2019.01.17"]
[EventType "tourn"]
[EventCountry "CZE"]
[SourceTitle "playchess.com"]
[Source "ChessBase"]
[SourceQuality "1"]
[TimeControl "40/5400+30:1800+30"]

1. d4 {[%emt 0:01:51]} Nf6 {[%emt 0:00:00]} 2. Bg5 {[%emt 0:00:32]} Ne4 {[%emt 0:00:09]} 3. Bf4 {[%emt 0:00:25]} c5 {[%emt 0:00:10]} 4. f3 {[%emt 0:00:51]} Qa5+ {[%emt 0:00:09]} 5. c3 {[%emt 0:00:34]} Nf6 {[%emt 0:00:06]} 6. Nd2 {[%emt 0:00:33]} cxd4 {[%emt 0:00:30]} 7. Nc4 {[%emt 0:02:02]} Qd5 {[%emt 0:03:18]} 8. cxd4 {[%emt 0:00:42]} Nc6 {[%emt 0:02:31]} 9. e3 {[%emt 0:01:37]} Nh5 {[%emt 0:03:08]} 10. Be5 {[%emt 0:05:47]} Nxe5 {[%emt 0:00:50]} 11. dxe5 {[%emt 0:01:51]} Qxd1+ {[%emt 0:00:19]} 12. Rxd1 {[%emt 0:00:08]} g6 {[%emt 0:00:38]} 13. f4 {[%emt 0:01:27]} Ng7 {[%emt 0:02:02]} 14. Be2 {[%emt 0:03:57]} f6 {[%emt 0:06:44]} 15. exf6 {[%emt 0:02:42]} exf6 {[%emt 0:00:03]} 16. Bf3 {[%emt 0:00:39]} Rb8 {[%emt 0:02:17]} 17. Ne2 {[%emt 0:01:07]} Bc5 {[%emt 0:07:00]} 18. Nc3 {[%emt 0:11:24]} O-O {[%emt 0:07:43]} 19. Nd5 {[%emt 0:03:56]} b5 {[%emt 0:03:42]} 20. Na5 {[%emt 0:02:08]} a6 {[%emt 0:02:47]} 21. b4 {[%emt 0:02:38]} Ba7 {[%emt 0:01:08]} 22. g4 {[%emt 0:02:51]} Kh8 {[%emt 0:05:16]} 23. h4 {[%emt 0:06:13]} Bb6 {[%emt 0:07:56]} 24. Kf2 {[%emt 0:07:15]} Ne6 {[%emt 0:03:38]} 25. Rd2 {[%emt 0:05:07]} Nc7 {[%emt 0:03:54]} 26. Nxb6 {[%emt 0:01:54]} Rxb6 {[%emt 0:00:03]} 27. Rc1 {[%emt 0:02:10]} Ne6 {[%emt 0:00:07]} 28. Rdc2 {[%emt 0:00:25]} Rb8 {[%emt 0:00:04]} 29. Bd5 {[%emt 0:00:37]} d6 {[%emt 0:00:29]} 30. Nc6 {[%emt 0:00:30]} Rb6 {[%emt 0:01:24]} 31. Nd4 {[%emt 0:00:45]} Nxf4 {[%emt 0:00:23]} 32. Rxc8 {[%emt 0:01:09]} Nd3+ {[%emt 0:00:05]} 33. Kg3 {[%emt 0:02:36]} Rb8 {[%emt 0:00:03]} 34. Rxb8 {[%emt 0:00:56]} Rxb8 {[%emt 0:00:03]} 35. Rb1 {[%emt 0:00:26]} Rc8 {[%emt 0:00:19]} 36. Nc6 {[%emt 0:02:06]} f5 {[%emt 0:00:12]} 37. gxf5 {[%emt 0:02:16]} gxf5 {[%emt 0:00:02]} 38. Rd1 {[%emt 0:00:35]} Ne5 {[%emt 0:00:06]} 39. Nxe5 {[%emt 0:01:23]} dxe5 {[%emt 0:00:02]} 40. Bb3 {[%emt 0:00:27]} Rc3 {[%emt 0:00:07]} 41. Kf2 {[%emt 0:30:32]} Kg7 {[%emt 0:31:13]} 42. Rd5 {[%emt 0:00:48]} Kf6 {[%emt 0:00:17]} 43. Rd6+ {[%emt 0:00:08]} Kg7 {[%emt 0:00:03]} 44. h5 {[%emt 0:01:16]} e4 {[%emt 0:01:08]} 45. h6+ {[%emt 0:01:00]} Kf8 {[%emt 0:00:03]} 46. Rf6+ {[%emt 0:00:33]} 1-0

[Event "Marienbad Open-A1 2019"]
[Site "Marianske Lazne"]
[Date "2019.01.22"]
[Round "5"]
[White "Gumularz, Szymon"]
[Black "Rakesh Kumar Jena"]
[Result "1-0"]
[WhiteElo "2475"]
[BlackElo "2426"]
[Annotator "ChessBase"]
[PlyCount "97"]
[EventDate "2019.01.17"]
[EventType "tourn"]
[EventCountry "CZE"]
[SourceTitle "playchess.com"]
[Source "ChessBase"]
[SourceQuality "1"]
[TimeControl "40/5400+30:1800+30"]

1. e4 {[%emt 0:00:03]} c5 {[%emt 0:03:18]} 2. Nf3 {[%emt 0:00:09]} d6 {[%emt 0:00:04]} 3. d4 {[%emt 0:00:05]} cxd4 {[%emt 0:00:08]} 4. Nxd4 {[%emt 0:00:05]} Nf6 {[%emt 0:00:04]} 5. Nc3 {[%emt 0:00:07]} a6 {[%emt 0:00:05]} 6. h3 {[%emt 0:00:13]} g6 {[%emt 0:00:05]} 7. g4 {[%emt 0:03:36]} Bg7 {[%emt 0:00:17]} 8. Bg2 {[%emt 0:00:15]} O-O {[%emt 0:00:44]} 9. Be3 {[%emt 0:00:04]} Nc6 {[%emt 0:01:06]} 10. Qd2 {[%emt 0:00:56]} Bd7 {[%emt 0:05:25]} 11. O-O-O {[%emt 0:00:56]} b5 {[%emt 0:11:12]} 12. Kb1 {[%emt 0:01:25]} b4 {[%emt 0:09:46]} 13. Nd5 {[%emt 0:00:47]} Rb8 {[%emt 0:03:40]} 14. Nxc6 {[%emt 0:17:57]} Bxc6 {[%emt 0:00:07]} 15. Bd4 {[%emt 0:00:19]} Bxd5 {[%emt 0:01:41]} 16. exd5 {[%emt 0:00:55]} Qa5 {[%emt 0:02:44]} 17. Rhe1 {[%emt 0:05:53]} Rb5 {[%emt 0:05:45]} 18. Ka1 {[%emt 0:10:43]} Rc8 {[%emt 0:11:38]} 19. g5 {[%emt 0:11:42]} Nh5 {[%emt 0:05:14]} 20. Bxg7 {[%emt 0:10:00]} Nxg7 {[%emt 0:00:13]} 21. Rxe7 {[%emt 0:00:36]} Nf5 {[%emt 0:01:52]} 22. Re2 {[%emt 0:02:06]} Qa4 {[%emt 0:12:21]} 23. b3 {[%emt 0:10:05]} Qa3 {[%emt 0:00:36]} 24. Qc1 {[%emt 0:00:10]} Qxc1+ {[%emt 0:01:46]} 25. Rxc1 {[%emt 0:00:05]} Rbc5 {[%emt 0:00:06]} 26. Kb2 {[%emt 0:02:01]} Nd4 {[%emt 0:01:39]} 27. Rd2 {[%emt 0:00:48]} Nb5 {[%emt 0:00:10]} 28. Bf1 {[%emt 0:08:56]} Nc3 {[%emt 0:00:10]} 29. Bc4 {[%emt 0:00:23]} Ra5 {[%emt 0:05:19]} 30. Ra1 {[%emt 0:00:20]} Na4+ {[%emt 0:03:14]} 31. Kc1 {[%emt 0:08:12]} Nb6 {[%emt 0:00:38]} 32. Rd4 {[%emt 0:00:26]} Nxc4 {[%emt 0:06:10]} 33. Rxc4 {[%emt 0:00:24]} Re8 {[%emt 0:04:48]} 34. Rxb4 {[%emt 0:01:18]} Rxd5 {[%emt 0:00:06]} 35. f4 {[%emt 0:02:34]} Rc5 {[%emt 0:02:02]} 36. Rd4 {[%emt 0:01:29]} Re1+ {[%emt 0:01:44]} 37. Kb2 {[%emt 0:00:15]} Re2 {[%emt 0:00:07]} 38. Rc1 {[%emt 0:00:07]} d5 {[%emt 0:00:06]} 39. b4 {[%emt 0:00:09]} Rb5 {[%emt 0:00:37]} 40. a4 {[%emt 0:00:19]} Rb8 {[%emt 0:01:27]} 41. Kb3 {[%emt 0:30:13]} Re3+ {[%emt 0:31:09]} 42. c3 {[%emt 0:00:40]} Rxh3 {[%emt 0:00:05]} 43. Rxd5 {[%emt 0:00:07]} Rf3 {[%emt 0:00:09]} 44. Rcd1 {[%emt 0:00:00]} Rxf4 {[%emt 0:00:00]} 45. Rd8+ {[%emt 0:00:00]} Rxd8 {[%emt 0:00:00]} 46. Rxd8+ {[%emt 0:00:00]} Kg7 {[%emt 0:00:00]} 47. b5 {[%emt 0:00:00]} axb5 {[%emt 0:00:00]} 48. axb5 {[%emt 0:00:00]} Rf5 {[%emt 0:00:00]} 49. c4 {[%emt 0:00:00]} 1-0

[Event "Marienbad Open-A1 2019"]
[Site "Marianske Lazne"]
[Date "2019.01.22"]
[Round "5"]
[White "Simek, Petr"]
[Black "Plat, Vojtech"]
[Result "1/2-1/2"]
[WhiteElo "2330"]
[BlackElo "2552"]
[Annotator "RC"]
[PlyCount "46"]
[EventDate "2019.01.17"]
[EventType "tourn"]
[EventCountry "CZE"]
[SourceTitle "playchess.com"]
[Source "ChessBase"]
[SourceQuality "1"]
[TimeControl "40/5400+30:1800+30"]

1. d4 {[%emt 0:00:00]} Nf6 {[%emt 0:05:32]} 2. c4 {[%emt 0:00:00]} g6 {[%emt 0:00:13]} 3. g3 {[%emt 0:00:00]} Bg7 {[%emt 0:00:18]} 4. Bg2 {[%emt 0:00:00]} d5 {[%emt 0:00:00]} 5. cxd5 {[%emt 0:00:00]} Nxd5 {[%emt 0:00:10]} 6. Nf3 {[%emt 0:00:07]} Nb6 {[%emt 0:00:06]} 7. Nc3 {[%emt 0:00:11]} Nc6 {[%emt 0:00:06]} 8. e3 {[%emt 0:00:06]} e5 {[%emt 0:00:45]} 9. d5 {[%emt 0:00:09]} Na5 {[%emt 0:00:06]} 10. O-O {[%emt 0:03:00]} O-O {[%emt 0:00:24]} 11. b3 {[%emt 0:01:12]} e4 {[%emt 0:01:23]} 12. Nd4 {[%emt 0:00:07]} Nxd5 {[%emt 0:01:09]} 13. Nxe4 {[%emt 0:00:06]} b6 {[%emt 0:01:43]} 14. b4 {[%emt 0:01:15]} Nxb4 {[%emt 0:00:50]} 15. Ba3 {[%emt 0:00:12]} c5 {[%emt 0:00:52]} 16. Nxc5 bxc5 {[%emt 0:00:03]} 17. Bxa8 {[%emt 0:00:25]} Ba6 {[%emt 0:00:35]} 18. Bg2 {[%emt 0:00:31]} Bxf1 {[%emt 0:01:07]} 19. Bxf1 {[%emt 0:00:19]} cxd4 {[%emt 0:04:38]} 20. Bxb4 {[%emt 0:00:17]} Re8 {[%emt 0:00:50]} 21. Rc1 {[%emt 0:11:08]} Nb7 {[%emt 0:00:17]} 22. exd4 {[%emt 0:28:44]} Bxd4 {[%emt 0:00:40]} 23. Qf3 {[%emt 0:01:14]} Nd6 {[%emt 0:03:38]} 1/2-1/2

[Event "Marienbad Open-A1 2019"]
[Site "Marianske Lazne"]
[Date "2019.01.22"]
[Round "5"]
[White "Oboladze, Luka"]
[Black "Cernousek, Lukas"]
[Result "1/2-1/2"]
[WhiteElo "2295"]
[BlackElo "2427"]
[Annotator "NA RC"]
[PlyCount "124"]
[EventDate "2019.01.17"]
[EventType "tourn"]
[EventCountry "CZE"]
[SourceTitle "playchess.com"]
[Source "ChessBase"]
[SourceQuality "1"]
[TimeControl "40/5400+30:1800+30"]

1. e4 {[%emt 0:00:00]} c6 {[%emt 0:00:00]} 2. d4 {[%emt 0:00:00]} d5 {[%emt 0:00:00]} 3. exd5 {[%emt 0:00:00]} cxd5 {[%emt 0:00:00]} 4. Bd3 {[%emt 0:00:00]} Nc6 {[%emt 0:00:00]} 5. c3 {[%emt 0:00:01]} Qc7 {[%emt 0:00:23]} 6. h3 {[%emt 0:00:15]} Nf6 {[%emt 0:06:49]} 7. Nf3 {[%emt 0:00:22]} g6 {[%emt 0:02:50]} 8. Na3 {[%emt 0:03:47]} Bf5 {[%emt 0:04:12]} 9. Nc2 {[%emt 0:00:52]} Bxd3 {[%emt 0:07:00]} 10. Qxd3 {[%emt 0:00:07]} Bg7 {[%emt 0:00:06]} 11. O-O {[%emt 0:01:13]} O-O {[%emt 0:03:35]} 12. Re1 {[%emt 0:01:49]} Rfd8 {[%emt 0:07:49]} 13. Bg5 {[%emt 0:02:13]} h6 {[%emt 0:05:27]} 14. Bh4 {[%emt 0:14:10]} Nh5 {[%emt 0:00:13]} 15. Ne5 {[%emt 0:01:19]} Nxe5 {[%emt 0:17:02]} 16. dxe5 {[%emt 0:00:20]} Bxe5 {[%emt 0:00:40]} 17. Qe3 {[%emt 0:20:58]} Bf4 {[%emt 0:09:12]} 18. Qxe7 {[%emt 0:01:40]} g5 {[%emt 0:00:10]} 19. Qxc7 {[%emt 0:00:39]} Bxc7 {[%emt 0:00:30]} 20. g4 {[%emt 0:00:04]} Nf4 {[%emt 0:01:30]} 21. Bg3 {[%emt 0:00:06]} Nxh3+ {[%emt 0:02:21]} 22. Kg2 {[%emt 0:00:08]} Nf4+ {[%emt 0:00:16]} 23. Bxf4 {[%emt 0:00:04]} Bxf4 {[%emt 0:00:05]} 24. Nd4 {[%emt 0:10:09]} Bd6 {[%emt 0:13:32]} 25. Nf5 {[%emt 0:01:57]} Bf8 {[%emt 0:00:05]} 26. Rad1 {[%emt 0:02:07]} Rd7 {[%emt 0:08:48]} 27. Rd3 {[%emt 0:01:38]} Rad8 {[%emt 0:03:45]} 28. Red1 {[%emt 0:02:00]} f6 {[%emt 0:05:28]} 29. c4 {[%emt 0:01:19]} d4 {[%emt 0:00:26]} 30. Rxd4 {[%emt 0:00:08]} Rxd4 {[%emt 0:00:09]} 31. Rxd4 {[%emt 0:00:04]} Rxd4 {[%emt 0:01:16]} 32. Nxd4 {[%emt 0:00:03]} Bc5 {[%emt 0:01:29]} 33. Nb3 {[%emt 0:06:31]} Bb6 {[%emt 0:00:19]} 34. Kf3 {[%emt 0:02:13]} Kf7 {[%emt 0:00:03]} 35. c5 {[%emt 0:00:48]} Bc7 {[%emt 0:00:02]} 36. Ke4 {[%emt 0:00:20]} Kg6 {[%emt 0:00:40]} 37. Nd4 {[%emt 0:04:12]} h5 {[%emt 0:00:02]} 38. gxh5+ {[%emt 0:00:48]} Kxh5 {[%emt 0:00:01]} 39. b4 {[%emt 0:00:17]} Kg6 {[%emt 0:02:41]} 40. b5 {[%emt 0:21:05]} Kf7 {[%emt 0:00:21]} 41. Kf5 {[%emt 0:05:17]} Ke7 {[%emt 0:08:32]} 42. c6 {[%emt 0:07:35]} bxc6 {[%emt 0:12:25]} 43. Nxc6+ {[%emt 0:07:17]} Kd6 {[%emt 0:00:02]} 44. Nxa7 {[%emt 0:10:16]} Kc5 {[%emt 0:00:06]} 45. Kxf6 {[%emt 0:01:50]} g4 {[%emt 0:00:08]} 46. a4 {[%emt 0:03:50]} Kb4 {[%emt 0:00:14]} 47. Nc8 {[%emt 0:00:46]} Kxa4 {[%emt 0:05:23]} 48. b6 {[%emt 0:00:06]} g3 {[%emt 0:00:11]} 49. fxg3 {[%emt 0:00:28]} Bxg3 {[%emt 0:00:02]} 50. Ke6 {[%emt 0:00:25]} Kb5 {[%emt 0:00:08]} 51. Kd7 {[%emt 0:00:31]} Kc5 {[%emt 0:02:58]} 52. b7 {[%emt 0:00:14]} Bh2 {[%emt 0:00:09]} 53. Ne7 {[%emt 0:00:14]} Kb6 {[%emt 0:00:09]} 54. Kc8 {[%emt 0:00:05]} Bg3 {[%emt 0:00:07]} 55. Nf5 {[%emt 0:01:14]} Bh2 {[%emt 0:00:07]} 56. Ne3 {[%emt 0:00:13]} Kc6 {[%emt 0:00:17]} 57. Nc4 {[%emt 0:00:22]} Bg3 {[%emt 0:00:12]} 58. Nb2 {[%emt 0:01:25]} Bh2 {[%emt 0:00:10]} 59. Nd1 {[%emt 0:00:49]} Bg3 {[%emt 0:00:09]} 60. Ne3 {[%emt 0:00:09]} Bh2 {[%emt 0:00:03]} 61. Nf5 {[%emt 0:00:50]} Kb6 {[%emt 0:00:19]} 62. Nd4 {[%emt 0:00:44]} Bg3 {[%emt 0:00:03]} 1/2-1/2

[Event "Marienbad Open-A1 2019"]
[Site "Marianske Lazne"]
[Date "2019.01.23"]
[Round "6"]
[White "Plat, Vojtech"]
[Black "Rakesh Kumar Jena"]
[Result "1/2-1/2"]
[WhiteElo "2552"]
[BlackElo "2426"]
[Annotator "TA"]
[PlyCount "59"]
[EventDate "2019.01.17"]
[EventType "tourn"]
[EventCountry "CZE"]
[SourceTitle "playchess.com"]
[Source "ChessBase"]
[SourceQuality "1"]

{[%evp 9,59,10,16,18,18,11,45,27,16,12,13,0,3,0,0,0,8,1,11,0,14,14,0,0,46,39,40,40,32,46,61,56,53,0,0,17,22,20,38,0,0,0,5,-20,-22,-11,-20,-15,-22,-41,0,-19]} 1. e4 c5 2. Nf3 d6 3. Bb5+ Bd7 4. Be2 (4. Bxd7+ Qxd7 5. O-O Nc6 6. c3 Nf6 7. d4 cxd4 8. cxd4 d5 9. e5 Ng8 10. Nc3 e6 11. Ne2 Nge7 12. Ng3 h6 13. Nh5 Nf5 14. Bf4 O-O-O 15. Rc1 Kb8 16. Qd3 g5 17. Bd2 Qc7 18. g4 {1-0 (54) Nakamura,H (2746)-Adly,A (2626) St Petersburg 2018}) 4... Nc6 5. d4 cxd4 6. Nxd4 {B52: Sicilian: Moscow Variation with 3...Bd7} Nf6 7. Nc3 g6 8. Be3 $146 {White is slightly better.} ({Predecessor:} 8. Bg5 Bg7 9. Nb3 a6 10. a4 Rc8 11. O-O O-O 12. Kh1 Ne5 13. Nd2 Qb6 14. Bxf6 Bxf6 {0-1 (56) Milea,F (2095)-Radu,I (2071) Bucharest 2003}) 8... Bg7 9. O-O O-O 10. h3 a6 11. Qd2 b5 12. a3 Nxd4 13. Bxd4 Bc6 14. Bf3 Qc7 15. Rad1 Rac8 16. Rfe1 e5 17. Be3 Rfd8 18. Bg5 a5 19. b4 axb4 20. axb4 Qb6 21. Qd3 ({White should try} 21. Be2 $14) 21... h6 $36 {[%mdl 2048] Black has good play.} 22. Be3 Qb7 23. Ra1 d5 24. exd5 (24. Nxd5 {keeps more tension.} Bxd5 25. Ra7 Bxe4 26. Rxb7 Rxd3 27. Bxe4 Rdd8 28. Bd3) 24... Nxd5 25. Ra7 Nxc3 {[#]} 26. Qxd8+ $1 {[%mdl 512]} Rxd8 27. Rxb7 Bxb7 28. Bxb7 Rd7 29. Ba8 Rd8 30. Bb7 {Accuracy: White = 58%, Black = 57%.} 1/2-1/2

[Event "Marienbad Open-A1 2019"]
[Site "Marianske Lazne"]
[Date "2019.01.23"]
[Round "6"]
[White "Cernousek, Lukas"]
[Black "Chernyshov, Konstantin"]
[Result "1/2-1/2"]
[WhiteElo "2427"]
[BlackElo "2500"]
[Annotator "TA"]
[PlyCount "31"]
[EventDate "2019.01.17"]
[EventType "tourn"]
[EventCountry "CZE"]
[SourceTitle "playchess.com"]
[Source "ChessBase"]
[SourceQuality "1"]

{[%evp 13,31,27,26,25,32,0,0,0,0,1,3,-7,-5,-4,-12,-13,-12,-50,-38,-54]} 1. d4 ({Predecessor:} 1. Nf3 d5 2. d4 Nf6 3. c4 e6 4. Nc3 Be7 5. Bf4 O-O 6. e3 c5 7. dxc5 Bxc5 8. Be2 dxc4 9. Qc2 {½-½ (55) Grandelius,N (2647)-Brynell,S (2421) Denmark 2016}) 1... e6 $146 (1... Nf6 2. c4 {½-½ (46) Aronian,L (2765)-Caruana,F (2832) London 2018}) 2. c4 Nf6 3. Nc3 (3. Nf3 d5 4. Nc3 Be7 5. Bf4 O-O 6. e3 c5 7. dxc5 Bxc5 8. Qc2 {½-½ (46) Aronian,L (2765)-Caruana,F (2832) London 2018}) 3... Bb4 4. Qc2 c5 5. dxc5 Bxc5 6. Nf3 Nc6 7. Bf4 O-O 8. e3 {E39: Nimzo-Indian: Classical: 4...c5 5 dxc5 0-0} d5 9. Be2 (9. Rd1 Qa5 10. a3 Rd8 11. Nd2 d4 12. Nb3 Qb6 13. Na4 Bb4+ 14. axb4 Qxb4+ 15. Nd2 Qa5 16. Qb3 e5 17. Bg5 Nb4 18. Be2 {½-½ (46) Aronian,L (2765)-Caruana,F (2832) London 2018}) 9... dxc4 10. Bxc4 {The position is equal.} Nb4 11. Qe2 (11. Qd1 {with more complications.} Nbd5 12. Bxd5 Nxd5 13. Nxd5 Qxd5 14. Qxd5 exd5 15. Rc1) 11... Nbd5 12. Bxd5 ({Predecessor:} 12. Be5 Nxc3 13. Bxc3 Ne4 14. Be5 Qa5+ 15. Kf1 Be7 16. Qc2 {½-½ (55) Grandelius,N (2647)-Brynell,S (2421) Denmark 2016}) 12... Nxd5 13. Nxd5 Qxd5 14. O-O b6 15. Ne5 f6 16. e4 1/2-1/2

[Event "Marienbad Open-A1 2019"]
[Site "Marianske Lazne"]
[Date "2019.01.23"]
[Round "6"]
[White "Simek, Petr"]
[Black "Oboladze, Luka"]
[Result "1/2-1/2"]
[WhiteElo "2330"]
[BlackElo "2295"]
[Annotator "NA"]
[PlyCount "106"]
[EventDate "2019.01.17"]
[EventType "tourn"]
[EventCountry "CZE"]
[SourceTitle "playchess.com"]
[Source "ChessBase"]
[SourceQuality "1"]
[TimeControl "40/5400+30:1800+30"]

1. d4 {[%emt 0:00:00]} Nf6 {[%emt 0:00:00]} 2. c4 {[%emt 0:00:00]} e6 {[%emt 0:00:00]} 3. Nf3 {[%emt 0:00:00]} c5 {[%emt 0:00:27]} 4. d5 {[%emt 0:00:00]} exd5 {[%emt 0:00:04]} 5. cxd5 {[%emt 0:00:00]} d6 {[%emt 0:00:02]} 6. Nc3 {[%emt 0:00:01]} g6 {[%emt 0:00:05]} 7. Nd2 {[%emt 0:00:22]} Bg7 {[%emt 0:00:15]} 8. e4 {[%emt 0:00:23]} O-O {[%emt 0:00:17]} 9. Be2 {[%emt 0:00:02]} Na6 {[%emt 0:04:31]} 10. O-O {[%emt 0:00:12]} Nc7 {[%emt 0:00:17]} 11. a4 {[%emt 0:01:07]} Re8 {[%emt 0:10:59]} 12. Re1 {[%emt 0:02:37]} Rb8 {[%emt 0:04:42]} 13. h3 {[%emt 0:03:25]} b6 {[%emt 0:08:03]} 14. Bb5 {[%emt 0:29:08]} Re7 {[%emt 0:13:44]} 15. Nf3 {[%emt 0:02:06]} Nxb5 {[%emt 0:22:21]} 16. axb5 {[%emt 0:00:05]} Qe8 {[%emt 0:02:02]} 17. e5 {[%emt 0:09:14]} Nd7 {[%emt 0:02:35]} 18. Bg5 {[%emt 0:13:17]} f6 {[%emt 0:00:46]} 19. exf6 {[%emt 0:00:05]} Nxf6 {[%emt 0:03:17]} 20. Rxa7 {[%emt 0:12:19]} Rxe1+ {[%emt 0:00:35]} 21. Qxe1 {[%emt 0:01:46]} Qxe1+ {[%emt 0:02:35]} 22. Nxe1 {[%emt 0:00:03]} Bb7 {[%emt 0:03:05]} 23. Nc2 {[%emt 0:03:02]} Ne8 {[%emt 0:01:49]} 24. Bf4 {[%emt 0:01:34]} Bxc3 {[%emt 0:01:07]} 25. bxc3 {[%emt 0:00:03]} Bxd5 {[%emt 0:00:07]} 26. Ne3 {[%emt 0:00:17]} Rb7 {[%emt 0:04:26]} 27. Ra8 {[%emt 0:01:53]} Bf7 {[%emt 0:00:05]} 28. Bxd6 {[%emt 0:00:17]} Kg7 {[%emt 0:01:29]} 29. Be5+ {[%emt 0:00:12]} Kf8 {[%emt 0:00:04]} 30. Bd6+ {[%emt 0:01:38]} Kg7 {[%emt 0:00:05]} 31. Be5+ {[%emt 0:00:03]} Kf8 {[%emt 0:00:04]} 32. f4 {[%emt 0:00:03]} Ke7 {[%emt 0:00:19]} 33. Kf2 {[%emt 0:00:20]} Nd6 {[%emt 0:03:06]} 34. Bxd6+ {[%emt 0:01:44]} Kxd6 {[%emt 0:00:01]} 35. g4 {[%emt 0:00:06]} Ke7 {[%emt 0:05:40]} 36. h4 {[%emt 0:03:18]} Rd7 {[%emt 0:03:43]} 37. Ke2 {[%emt 0:01:25]} c4 {[%emt 0:02:45]} 38. Rb8 {[%emt 0:00:17]} Rd3 {[%emt 0:00:26]} 39. Rb7+ {[%emt 0:00:15]} Kf8 {[%emt 0:00:05]} 40. Rxb6 {[%emt 0:03:26]} Rxc3 {[%emt 0:00:04]} 41. Rc6 {[%emt 0:30:13]} Rb3 {[%emt 0:30:19]} 42. b6 {[%emt 0:00:09]} Be8 {[%emt 0:00:00]} 43. Rc8 {[%emt 0:00:00]} Rxb6 {[%emt 0:00:00]} 44. Nxc4 {[%emt 0:00:00]} Rc6 {[%emt 0:00:00]} 45. Rxc6 {[%emt 0:00:00]} Bxc6 {[%emt 0:00:00]} 46. Ne5 {[%emt 0:00:00]} Be4 {[%emt 0:00:00]} 47. Ke3 {[%emt 0:00:00]} Bb1 {[%emt 0:00:00]} 48. Kd4 {[%emt 0:00:00]} Ke7 {[%emt 0:00:00]} 49. Nc6+ {[%emt 0:00:00]} Kf6 {[%emt 0:00:00]} 50. Kd5 {[%emt 0:00:00]} h5 {[%emt 0:00:00]} 51. Ne5 {[%emt 0:00:00]} hxg4 {[%emt 0:00:00]} 52. Nxg4+ {[%emt 0:00:00]} Kf5 {[%emt 0:00:00]} 53. Ne5 {[%emt 0:00:00]} Kxf4 1/2-1/2

[Event "Marienbad Open-A1 2019"]
[Site "Marianske Lazne"]
[Date "2019.01.23"]
[Round "6"]
[White "Ajay Krishna, S."]
[Black "Voloshin, Leonid"]
[Result "1/2-1/2"]
[WhiteElo "2289"]
[BlackElo "2381"]
[Annotator "NA"]
[PlyCount "40"]
[EventDate "2019.01.17"]
[EventType "tourn"]
[EventCountry "CZE"]
[SourceTitle "playchess.com"]
[Source "ChessBase"]
[SourceQuality "1"]
[TimeControl "40/5400+30:1800+30"]

1. Nf3 {[%emt 0:00:11]} Nf6 {[%emt 0:00:32]} 2. c4 {[%emt 0:00:07]} e6 {[%emt 0:02:04]} 3. g3 {[%emt 0:00:24]} b6 {[%emt 0:00:17]} 4. Bg2 {[%emt 0:00:13]} Bb7 {[%emt 0:00:05]} 5. O-O {[%emt 0:00:26]} Be7 {[%emt 0:00:06]} 6. Nc3 {[%emt 0:00:05]} O-O {[%emt 0:00:13]} 7. Re1 {[%emt 0:00:16]} d5 {[%emt 0:01:35]} 8. cxd5 {[%emt 0:00:30]} Nxd5 {[%emt 0:02:47]} 9. e4 {[%emt 0:06:37]} Nxc3 {[%emt 0:02:41]} 10. bxc3 {[%emt 0:00:06]} c5 {[%emt 0:01:44]} 11. d4 {[%emt 0:00:16]} Nd7 {[%emt 0:13:54]} 12. Bf4 {[%emt 0:10:25]} Re8 {[%emt 0:03:16]} 13. h4 {[%emt 0:11:17]} Bf6 {[%emt 0:09:27]} 14. Bg5 {[%emt 0:14:50]} Bxg5 {[%emt 0:16:54]} 15. hxg5 {[%emt 0:03:26]} Qe7 {[%emt 0:00:56]} 16. Qd2 {[%emt 0:04:48]} cxd4 {[%emt 0:04:42]} 17. cxd4 {[%emt 0:00:03]} Rac8 {[%emt 0:00:06]} 18. a4 {[%emt 0:02:47]} a6 {[%emt 0:02:30]} 19. Qb2 {[%emt 0:04:59]} Red8 {[%emt 0:03:30]} 20. d5 {[%emt 0:05:00]} Rc4 1/2-1/2